Как мы писали роман; Томми и К; Рассказы: Пер. с англ.

Dades bibliogràfiques
Autor principal: Джером Дж. К. Джером Клапка (Капка)
Altres autors: Зверев А. М. (составитель), Семенов А. А. (иллюстратор)
Idioma:rus
Publicat: Москва, Руссико : ред. газеты "Труд", 1995
Col·lecció:Живая классика
Matèries:
Format: MixedMaterials Llibre
KOHA link:https://koha.lib.tpu.ru/cgi-bin/koha/opac-detail.pl?biblionumber=158053

MARC

LEADER 00000nam0a2200000 4500
001 158053
005 20231101222017.0
010 |a 588244005X 
020 |a RU  |b 95-15905 
035 |a (RuTPU)RU\TPU\book\171432 
090 |a 158053 
100 |a 20090417d1995 m y0rusy5003 ca 
101 0 |a rus  |c eng 
102 |a RU 
105 |a a z 000ay 
200 1 |a Как мы писали роман; Томми и К; Рассказы  |e Пер. с англ.  |f Джером К. Джером  |g сост. А. М. Зверев ; худож. А. А. Семенов 
210 |a Москва  |c Руссико : ред. газеты "Труд"  |d 1995 
215 |a 511 с.  |c ил.  |d 21 см 
225 1 |a Живая классика 
610 1 |a английская литература 
610 1 |a рассказы 
675 |a 82  |z rus 
700 1 |a Джером  |b Дж. К.  |c английский писатель  |f 1859-1927  |g Джером Клапка (Капка)  |2 stltpush  |3 (RuTPU)RU\TPU\pers\35781  |9 18938 
702 1 |a Зверев  |b А. М.  |4 220 
702 1 |a Семенов  |b А. А.  |4 440 
801 0 |a RU  |b RuMRKP  |c 19960614  |g psbo 
801 1 |a RU  |b 63413507  |c 20090417  |g PSBO 
801 2 |a RU  |b 63413507  |c 20190424  |g PSBO 
942 |c BK